[Event "eytcc"]
[Site "?"]
[Date "2017.08.21"]
[Round "5.29"]
[White "Murphy, Conor E"]
[Black "Pacan-Milej, Kosma"]
[Result "1/2-1/2"]
[BlackElo "2338"]
[WhiteElo "2164"]
[LiveChessVersion "1.4.4"]

1. e4 {[%clk 1:30:35]} d6 {[%clk 1:30:54]} 2. d4 {[%clk 1:31:00]} Nf6
{[%clk 1:31:20]} 3. Nc3 {[%clk 1:31:24]} e5 {[%clk 1:31:46]} 4. Nge2
{[%clk 1:31:35]} Nbd7 {[%clk 1:31:44]} 5. g3 {[%clk 1:31:44]} Be7
{[%clk 1:31:03]} 6. Bg2 {[%clk 1:32:01]} O-O {[%clk 1:31:23]} 7. O-O
{[%clk 1:32:13]} c6 {[%clk 1:31:41]} 8. a4 {[%clk 1:31:25]} Re8 {[%clk 1:31:02]}
9. h3 {[%clk 1:30:03]} Bf8 {[%clk 1:28:53]} 10. Re1 {[%clk 1:23:40]} Qc7
{[%clk 1:27:04]} 11. Be3 {[%clk 1:17:22]} b6 {[%clk 1:24:52]} 12. g4
{[%clk 1:13:22]} h6 {[%clk 1:20:15]} 13. Ng3 {[%clk 1:10:40]} Bb7
{[%clk 1:15:00]} 14. dxe5 {[%clk 1:03:43]} dxe5 {[%clk 1:12:09]} 15. Nf5
{[%clk 1:03:46]} Bc5 {[%clk 1:06:24]} 16. Qf3 {[%clk 0:58:05]} Nh7
{[%clk 1:00:08]} 17. h4 {[%clk 0:52:07]} Bxe3 {[%clk 0:55:22]} 18. fxe3
{[%clk 0:51:48]} Rad8 {[%clk 0:54:09]} 19. Bf1 {[%clk 0:46:37]} Ndf8
{[%clk 0:53:58]} 20. Bc4 {[%clk 0:46:06]} Bc8 {[%clk 0:53:20]} 21. Rf1
{[%clk 0:40:42]} Be6 {[%clk 0:53:23]} 22. Bd3 {[%clk 0:38:54]} Rd7
{[%clk 0:51:53]} 23. Ne2 {[%clk 0:37:54]} Red8 {[%clk 0:48:00]} 24. Neg3
{[%clk 0:37:22]} f6 {[%clk 0:43:58]} 25. Nh1 {[%clk 0:23:15]} c5 {[%clk 0:37:42]}
26. Rfd1 {[%clk 0:22:40]} c4 {[%clk 0:37:21]} 27. Bf1 {[%clk 0:22:49]} Qc5
{[%clk 0:35:14]} 28. c3 {[%clk 0:19:56]} Rxd1 {[%clk 0:32:16]} 29. Rxd1
{[%clk 0:20:20]} Rxd1 {[%clk 0:32:29]} 30. Qxd1 {[%clk 0:20:49]} g6
{[%clk 0:32:37]} 31. Nd6 {[%clk 0:19:47]} Qxe3+ {[%clk 0:32:11]} 32. Nf2
{[%clk 0:19:43]} Qg3+ {[%clk 0:25:39]} 33. Bg2 {[%clk 0:20:08]} Qxh4
{[%clk 0:25:39]} 34. Nb5 {[%clk 0:16:53]} Ng5 {[%clk 0:21:52]} 35. Nxa7
{[%clk 0:15:10]} Qg3 {[%clk 0:21:06]} 36. Nc6 {[%clk 0:14:10]} h5
{[%clk 0:19:08]} 37. Nd8 {[%clk 0:09:32]} hxg4 {[%clk 0:05:25]} 38. Nxe6
{[%clk 0:08:26]} Nh3+ {[%clk 0:02:32]} 39. Nxh3 {[%clk 0:08:49]} gxh3
{[%clk 0:02:50]} 40. Qf3 {[%clk 0:39:02]} Qxf3 {[%clk 0:31:35]} 41. Bxf3
{[%clk 0:39:23]} Nxe6 {[%clk 0:32:04]} 42. Be2 {[%clk 0:39:29]} Nc5
{[%clk 0:21:50]} 43. Bxc4+ {[%clk 0:39:49]} Kf8 {[%clk 0:22:14]} 44. b3
{[%clk 0:36:16]} Nxe4 {[%clk 0:20:48]} 45. b4 {[%clk 0:36:31]} Nxc3
{[%clk 0:19:28]} 46. a5 {[%clk 0:36:52]} bxa5 {[%clk 0:19:52]} 47. bxa5
{[%clk 0:37:20]} Na4 {[%clk 0:20:11]} 48. Bb5 {[%clk 0:35:25]} Nc5
{[%clk 0:20:24]} 49. a6 {[%clk 0:35:48]} Ne6 {[%clk 0:19:11]} 50. a7
{[%clk 0:33:40]} Nc7 {[%clk 0:18:59]} 51. Kh2 {[%clk 0:33:54]} Ke7
{[%clk 0:18:25]} 52. Kxh3 {[%clk 0:33:59]} f5 {[%clk 0:18:48]} 53. Kg3
{[%clk 0:32:52]} Kf6 {[%clk 0:17:32]} 54. Bc6 {[%clk 0:29:22]} g5
{[%clk 0:17:15]} 55. a8=Q {[%clk 0:26:46]} Nxa8 {[%clk 0:17:41]} 56. Bxa8
{[%clk 0:27:09]} e4 {[%clk 0:18:03]} 57. Bc6 {[%clk 0:23:19]} Ke5
{[%clk 0:16:45]} 58. Bd7 {[%clk 0:23:37]} f4+ {[%clk 0:11:46]} 59. Kf2
{[%clk 0:22:51]} Kd4 {[%clk 0:09:07]} 60. Bg4 {[%clk 0:22:14]} Kd3
{[%clk 0:03:47]} 61. Be2+ {[%clk 0:22:19]} Kc2 {[%clk 0:02:08]} 62. Bh5
{[%clk 0:22:39]} Kd2 {[%clk 0:02:30]} 63. Bg4 {[%clk 0:23:01]} Kd3
{[%clk 0:01:36]} 64. Be2+ {[%clk 0:23:26]} Kc3 {[%clk 0:02:00]} 65. Bh5
{[%clk 0:23:51]} Kd4 {[%clk 0:02:19]} 66. Ke2 {[%clk 0:23:31]} Kc5
{[%clk 0:01:27]} 67. Bg4 {[%clk 0:23:55]} Kd5 {[%clk 0:01:43]} 68. Bh5
{[%clk 0:24:02]} Ke6 {[%clk 0:01:31]} 69. Bg4+ {[%clk 0:24:09]} Kf6
{[%clk 0:01:20]} 70. Kf2 {[%clk 0:24:31]} Ke5 {[%clk 0:01:38]} 71. Ke2
{[%clk 0:24:55]} Kd5 {[%clk 0:00:50]} 72. Bh5 {[%clk 0:25:11]} Kd4
{[%clk 0:01:06]} 73. Bg4 {[%clk 0:25:28]} e3 {[%clk 0:01:07]} 74. Bf3
{[%clk 0:25:27]} Ke5 {[%clk 0:01:27]} 75. Bg4 {[%clk 0:25:48]} Ke4
{[%clk 0:01:34]} 76. Bh5 {[%clk 0:26:01]} Ke5 {[%clk 0:01:40]} 77. Bg4
{[%clk 0:26:26]} Ke4 {[%clk 0:02:08]} 78. Bh5 {[%clk 0:26:51]} Kf5
{[%clk 0:02:34]} 79. Kf3 {[%clk 0:27:12]} Ke5 {[%clk 0:02:34]} 80. Bg4
{[%clk 0:27:25]} Kd4 {[%clk 0:02:43]} 81. Ke2 {[%clk 0:27:42]} Ke4
{[%clk 0:03:12]} 1/2-1/2

[Event "eytcc"]
[Site "?"]
[Date "2017.08.21"]
[Round "5.30"]
[White "Baum, Jonasz"]
[Black "Whatley, Stephen A J"]
[Result "1-0"]
[BlackElo "2172"]
[WhiteElo "2294"]
[LiveChessVersion "1.4.4"]

1. e4 d6 {[%clk 1:30:31]} 2. d4 {[%clk 1:31:14]} Nf6 {[%clk 1:30:01]} 3. Nc3
{[%clk 1:31:33]} g6 {[%clk 1:30:05]} 4. Be3 {[%clk 1:31:36]} Bg7 {[%clk 1:29:49]}
5. f3 {[%clk 1:31:57]} a6 {[%clk 1:29:22]} 6. Qd2 {[%clk 1:32:07]} Nc6
{[%clk 1:27:42]} 7. Nge2 {[%clk 1:30:55]} e5 {[%clk 1:26:23]} 8. O-O-O
{[%clk 1:28:59]} O-O {[%clk 1:24:10]} 9. g4 {[%clk 1:28:35]} Ne8 {[%clk 1:07:14]}
10. h4 {[%clk 1:25:58]} f5 {[%clk 1:02:01]} 11. gxf5 {[%clk 1:25:05]} gxf5
{[%clk 1:01:22]} 12. Bg5 {[%clk 1:23:52]} Nf6 {[%clk 0:58:30]} 13. h5
{[%clk 1:21:38]} exd4 {[%clk 0:47:59]} 14. Nxd4 {[%clk 1:15:34]} Nxd4
{[%clk 0:46:03]} 15. Bc4+ {[%clk 1:15:42]} Be6 {[%clk 0:42:52]} 16. Qxd4
{[%clk 1:15:44]} Bxc4 {[%clk 0:32:06]} 17. Qxc4+ {[%clk 1:16:06]} Rf7
{[%clk 0:32:20]} 18. e5 {[%clk 1:15:42]} b5 {[%clk 0:24:47]} 19. Qb3
{[%clk 1:14:51]} h6 {[%clk 0:25:10]} 20. exf6 {[%clk 1:14:32]} hxg5
{[%clk 0:25:27]} 21. fxg7 {[%clk 1:14:55]} Kxg7 {[%clk 0:25:52]} 22. h6+
{[%clk 1:15:18]} Kg6 {[%clk 0:26:05]} 23. h7 {[%clk 1:14:43]} Qf6
{[%clk 0:24:10]} 24. Nd5 {[%clk 1:14:31]} Qe5 {[%clk 0:23:14]} 25. f4
{[%clk 1:14:45]} Qh8 {[%clk 0:22:57]} 26. Qg3 {[%clk 1:12:39]} g4
{[%clk 0:23:00]} 27. Qh4 {[%clk 1:12:52]} 1-0

[Event "eytcc"]
[Site "?"]
[Date "2017.08.21"]
[Round "5.31"]
[White "Kalavannan, Koby"]
[Black "Oglaza, Oskar"]
[Result "0-1"]
[BlackElo "2185"]
[WhiteElo "2201"]
[LiveChessVersion "1.4.4"]

1. d4 f5 2. g3 Nf6 3. Bg2 g6 4. Nh3 Bg7 5. Nf4 Nc6 6. c4 e5 7. dxe5 Nxe5 8. Qc2
c6 9. O-O d6 10. b3 O-O 11. Nc3 Qc7 12. Ba3 g5 13. Rad1 Rd8 14. Nd3 Ng6 15. Qd2
h6 16. Rfe1 Qf7 17. f4 Nh7 18. e3 Be6 19. Ne2 Nf6 20. Nd4 Ne4 21. Qc2 Bxd4 22.
exd4 gxf4 23. Nxf4 Nxf4 24. gxf4 d5 25. Re3 Kh7 26. Kh1 Qh5 27. Rf1 Rg8 28. Rh3
Qg4 29. Be7 Rae8 30. Bg5 Nxg5 31. fxg5 Rxg5 32. Qd2 dxc4 33. Rf4 Qxh3 34. Bxh3
Bd5+ 35. Bg2 Rxg2 36. Qxg2 Re1+ 37. Rf1 Rxf1# 0-1

[Event "eytcc"]
[Site "?"]
[Date "2017.08.21"]
[Round "5.32"]
[White "Chyzy, Jakub"]
[Black "Varney, Zoe"]
[Result "0-1"]
[BlackElo "2005"]
[WhiteElo "2174"]
[LiveChessVersion "1.4.4"]

1. e4 {[%clk 1:30:59]} e5 {[%clk 1:30:54]} 2. Nf3 {[%clk 1:31:23]} Nc6
{[%clk 1:31:19]} 3. Nc3 {[%clk 1:31:45]} Nf6 {[%clk 1:31:16]} 4. d4
{[%clk 1:32:07]} exd4 {[%clk 1:28:23]} 5. Nxd4 {[%clk 1:32:30]} Bb4
{[%clk 1:26:51]} 6. Nxc6 {[%clk 1:32:50]} bxc6 {[%clk 1:26:19]} 7. Bd3
{[%clk 1:33:14]} O-O {[%clk 1:23:34]} 8. O-O {[%clk 1:33:16]} Re8
{[%clk 1:21:57]} 9. Bg5 {[%clk 1:25:12]} h6 {[%clk 1:17:20]} 10. Bh4
{[%clk 1:24:25]} g5 {[%clk 1:13:26]} 11. Bg3 {[%clk 1:22:33]} Bxc3
{[%clk 1:12:34]} 12. bxc3 {[%clk 1:22:50]} Nxe4 {[%clk 1:09:53]} 13. Qh5
{[%clk 1:20:42]} Kg7 {[%clk 1:06:42]} 14. Bxe4 {[%clk 1:00:21]} Rxe4
{[%clk 1:06:54]} 15. f4 {[%clk 1:00:44]} f6 {[%clk 1:01:31]} 16. Rae1
{[%clk 0:55:51]} Rxe1 {[%clk 0:47:34]} 17. Rxe1 {[%clk 0:56:17]} d6
{[%clk 0:36:33]} 18. Re8 {[%clk 0:20:45]} Qd7 {[%clk 0:36:06]} 19. fxg5
{[%clk 0:20:15]} fxg5 {[%clk 0:35:46]} 20. Qe2 {[%clk 0:18:25]} Kf7 21. Rh8
{[%clk 0:03:08]} Kg7 {[%clk 0:12:26]} 22. Be5+ {[%clk 0:03:06]} dxe5
{[%clk 0:12:01]} 23. Qxe5+ {[%clk 0:03:34]} Kg6 {[%clk 0:11:25]} 24. Rg8+
{[%clk 0:03:56]} Kh5 {[%clk 0:10:43]} 25. Qe2+ {[%clk 0:03:36]} Qg4
{[%clk 0:09:54]} 26. Qe8+ {[%clk 0:03:48]} Kh4 {[%clk 0:10:20]} 27. Qe1+
{[%clk 0:01:39]} Kh5 {[%clk 0:10:45]} 28. Qe8+ {[%clk 0:02:08]} Kh4
{[%clk 0:11:08]} 29. g3+ {[%clk 0:01:27]} Kh3 {[%clk 0:11:29]} 30. Qe1
{[%clk 0:01:45]} Qf3 {[%clk 0:03:34]} 31. Qd2 {[%clk 0:00:35]} Ba6
{[%clk 0:03:19]} 32. Qd7+ {[%clk 0:00:44]} g4 {[%clk 0:03:39]} 0-1

[Event "eytcc"]
[Site "?"]
[Date "2017.08.21"]
[Round "5.33"]
[White "De Waele, Warre"]
[Black "Nayhebaver, Martin"]
[Result "0-1"]
[BlackElo "2451"]
[WhiteElo "2168"]
[LiveChessVersion "1.4.4"]

1. Nf3 {[%clk 1:30:56]} Nf6 {[%clk 1:30:37]} 2. c4 {[%clk 1:31:20]} b6
{[%clk 1:30:15]} 3. g3 {[%clk 1:31:32]} Bb7 {[%clk 1:30:00]} 4. Bg2
{[%clk 1:31:56]} e6 {[%clk 1:30:18]} 5. O-O {[%clk 1:32:19]} Be7 {[%clk 1:26:33]}
6. Nc3 {[%clk 1:32:43]} c5 {[%clk 1:24:53]} 7. d4 {[%clk 1:29:41]} cxd4
{[%clk 1:25:05]} 8. Qxd4 {[%clk 1:30:04]} O-O {[%clk 1:21:01]} 9. b3
{[%clk 1:30:16]} d6 {[%clk 1:18:20]} 10. Ba3 {[%clk 1:30:37]} a6 {[%clk 1:15:48]}
11. Rad1 {[%clk 1:19:00]} Ne8 {[%clk 1:13:32]} 12. e4 {[%clk 0:57:41]} Qc7
{[%clk 1:10:49]} 13. Na4 {[%clk 0:44:56]} Nd7 {[%clk 1:03:21]} 14. Nc3
{[%clk 0:33:52]} Rc8 {[%clk 0:58:45]} 15. Rc1 {[%clk 0:33:03]} Nef6
{[%clk 0:47:45]} 16. Rfd1 {[%clk 0:26:05]} Nc5 {[%clk 0:47:14]} 17. e5
{[%clk 0:26:15]} Ne8 {[%clk 0:32:50]} 18. Bxc5 {[%clk 0:22:50]} bxc5
{[%clk 0:32:19]} 19. Qe3 {[%clk 0:21:09]} dxe5 {[%clk 0:27:59]} 20. Qxe5
{[%clk 0:20:15]} Nd6 {[%clk 0:27:17]} 21. Nd2 {[%clk 0:16:51]} Bxg2
{[%clk 0:26:12]} 22. Kxg2 {[%clk 0:17:19]} Qb7+ {[%clk 0:25:35]} 23. Nf3
{[%clk 0:16:27]} Rfd8 {[%clk 0:24:06]} 24. Rd2 {[%clk 0:14:47]} Bf6
{[%clk 0:23:55]} 25. Qe3 {[%clk 0:14:06]} Rd7 {[%clk 0:19:20]} 26. Kg1
{[%clk 0:13:37]} Qa8 {[%clk 0:16:26]} 27. Ne4 {[%clk 0:11:58]} Bd4
{[%clk 0:16:40]} 28. Nxd4 {[%clk 0:12:16]} Nxe4 {[%clk 0:17:02]} 29. Nf3
{[%clk 0:11:53]} Nxd2 {[%clk 0:17:19]} 30. Nxd2 {[%clk 0:12:20]} Rcd8
{[%clk 0:17:39]} 31. Nf3 {[%clk 0:12:19]} Rd3 {[%clk 0:18:02]} 0-1

[Event "eytcc"]
[Site "?"]
[Date "2017.08.21"]
[Round "5.34"]
[White "Pechac, Jergus"]
[Black "Boudry, William"]
[Result "1-0"]
[BlackElo "1965"]
[WhiteElo "2441"]
[LiveChessVersion "1.4.4"]

1. e4 {[%clk 1:30:37]} d6 {[%clk 1:30:53]} 2. b4 {[%clk 1:30:31]} Nf6
{[%clk 1:27:18]} 3. d3 {[%clk 1:30:31]} e5 {[%clk 1:25:16]} 4. Nd2
{[%clk 1:28:34]} Be7 {[%clk 1:23:20]} 5. Ne2 {[%clk 1:25:58]} c6 {[%clk 1:21:45]}
6. f4 {[%clk 1:22:50]} Qb6 {[%clk 1:20:34]} 7. Nc4 {[%clk 1:23:09]} Qc7
{[%clk 1:20:17]} 8. a3 {[%clk 1:17:35]} b5 {[%clk 1:16:07]} 9. fxe5
{[%clk 1:11:58]} dxe5 {[%clk 1:15:22]} 10. Ne3 {[%clk 1:12:05]} a5
{[%clk 1:13:10]} 11. Rb1 {[%clk 1:11:15]} axb4 {[%clk 1:09:43]} 12. axb4
{[%clk 1:11:38]} Ra4 {[%clk 1:09:17]} 13. c3 {[%clk 1:09:53]} O-O
{[%clk 1:07:21]} 14. Ng3 {[%clk 1:09:41]} Rd8 {[%clk 1:06:43]} 15. Be2
{[%clk 1:08:54]} Na6 {[%clk 1:06:29]} 16. O-O {[%clk 1:07:48]} c5
{[%clk 0:54:57]} 17. bxc5 {[%clk 1:02:36]} Nxc5 {[%clk 0:54:10]} 18. Qc2
{[%clk 0:59:47]} Be6 {[%clk 0:51:32]} 19. Rxb5 {[%clk 0:56:02]} Ra2
{[%clk 0:51:25]} 20. Rb2 {[%clk 0:56:02]} Rda8 {[%clk 0:51:28]} 21. c4
{[%clk 0:50:32]} Rxb2 {[%clk 0:48:39]} 22. Bxb2 {[%clk 0:44:46]} Ra2
{[%clk 0:48:02]} 23. Qb1 {[%clk 0:35:44]} Qa7 {[%clk 0:46:35]} 24. Kh1
{[%clk 0:35:47]} Nb3 {[%clk 0:44:33]} 25. Ngf5 {[%clk 0:36:06]} Bc5
{[%clk 0:42:41]} 26. Bxe5 {[%clk 0:35:32]} Nd2 {[%clk 0:41:59]} 27. Qxa2
{[%clk 0:35:48]} Qxa2 {[%clk 0:41:07]} 28. Ra1 {[%clk 0:36:13]} Qxa1+
{[%clk 0:41:25]} 29. Bxa1 {[%clk 0:36:37]} Nfxe4 {[%clk 0:40:53]} 30. dxe4
{[%clk 0:36:47]} Nxe4 {[%clk 0:41:19]} 31. Bd4 {[%clk 0:36:43]} Bxd4
{[%clk 0:41:06]} 32. Nxd4 {[%clk 0:37:08]} Bd7 {[%clk 0:41:23]} 33. Bf3
{[%clk 0:36:49]} Nc5 {[%clk 0:41:22]} 34. Nd5 {[%clk 0:37:00]} Kf8
{[%clk 0:40:55]} 35. Kg1 {[%clk 0:37:19]} Be6 {[%clk 0:40:09]} 36. Kf2
{[%clk 0:37:40]} g6 {[%clk 0:40:30]} 37. Ke3 {[%clk 0:38:04]} Ke8
{[%clk 0:40:04]} 38. Nxe6 {[%clk 0:38:23]} fxe6 {[%clk 0:40:25]} 39. Nf6+
{[%clk 0:38:47]} 1-0

[Event "eytcc"]
[Site "?"]
[Date "2017.08.21"]
[Round "5.35"]
[White "De Bock, Thijs"]
[Black "Karas, Marek"]
[Result "1-0"]
[BlackElo "2256"]
[WhiteElo "1951"]
[LiveChessVersion "1.4.4"]

1. e4 {[%clk 1:30:59]} e6 {[%clk 1:30:58]} 2. d4 {[%clk 1:31:23]} d5
{[%clk 1:31:22]} 3. Nd2 {[%clk 1:31:49]} c5 {[%clk 1:29:48]} 4. exd5
{[%clk 1:32:11]} Qxd5 {[%clk 1:30:13]} 5. Ngf3 {[%clk 1:32:36]} cxd4
{[%clk 1:30:36]} 6. Bc4 {[%clk 1:33:02]} Qd7 {[%clk 1:30:34]} 7. O-O
{[%clk 1:33:24]} Nc6 {[%clk 1:30:52]} 8. Nb3 {[%clk 1:33:45]} Nf6
{[%clk 1:31:11]} 9. Nbxd4 {[%clk 1:34:08]} Nxd4 {[%clk 1:31:33]} 10. Nxd4
{[%clk 1:34:33]} a6 {[%clk 1:31:50]} 11. Re1 {[%clk 1:33:49]} Qc7
{[%clk 1:30:29]} 12. Bb3 {[%clk 1:34:14]} Bd6 {[%clk 1:30:02]} 13. Nf5
{[%clk 1:34:41]} Bxh2+ {[%clk 1:30:00]} 14. Kh1 {[%clk 1:35:06]} O-O
{[%clk 1:30:22]} 15. Nxg7 {[%clk 1:35:33]} Rd8 {[%clk 1:30:36]} 16. Qf3
{[%clk 1:35:58]} Kxg7 {[%clk 1:31:00]} 17. Bh6+ {[%clk 1:35:55]} Kg6
{[%clk 1:31:22]} 18. c3 {[%clk 1:35:44]} Nh5 {[%clk 1:31:08]} 19. Re4
{[%clk 1:22:20]} Kxh6 {[%clk 1:21:39]} 20. Rh4 {[%clk 1:22:37]} Kg7
{[%clk 1:10:06]} 21. Qxh5 {[%clk 1:19:26]} Be5 {[%clk 1:03:50]} 22. Re1
{[%clk 1:16:49]} Kf6 {[%clk 0:46:57]} 23. Rg4 {[%clk 1:16:49]} Ke7
{[%clk 0:45:06]} 24. Rxe5 {[%clk 1:17:06]} Rf8 {[%clk 0:43:03]} 25. Rg7
{[%clk 0:55:27]} Qd6 {[%clk 0:41:30]} 26. Qg5+ {[%clk 0:53:04]} Ke8
{[%clk 0:41:31]} 27. Qf6 {[%clk 0:49:30]} Qe7 {[%clk 0:41:02]} 28. Qh6
{[%clk 0:44:41]} Bd7 {[%clk 0:39:38]} 29. f4 {[%clk 0:43:55]} Rc8
{[%clk 0:36:35]} 30. f5 {[%clk 0:43:13]} Rc5 {[%clk 0:34:43]} 31. Qf4
{[%clk 0:31:36]} Rxe5 {[%clk 0:33:52]} 32. Qxe5 {[%clk 0:32:04]} Qh4+
{[%clk 0:27:12]} 33. Kg1 {[%clk 0:32:25]} Qd8 {[%clk 0:23:06]} 34. c4
{[%clk 0:27:02]} Qc8 {[%clk 0:21:47]} 35. c5 {[%clk 0:26:43]} Qc6
{[%clk 0:19:20]} 36. Kh1 {[%clk 0:22:26]} h5 {[%clk 0:16:39]} 37. Bc2
{[%clk 0:18:29]} Kd8 {[%clk 0:14:57]} 38. Be4 {[%clk 0:17:39]} Qc7
{[%clk 0:14:54]} 39. Qf6+ {[%clk 0:17:05]} Kc8 {[%clk 0:14:55]} 40. Rxf7
{[%clk 0:42:58]} Rxf7 {[%clk 0:42:23]} 41. Qxf7 {[%clk 0:43:22]} Qg3
{[%clk 0:40:17]} 42. Qf8+ {[%clk 0:33:33]} Kc7 {[%clk 0:40:32]} 43. Qd6+
{[%clk 0:33:50]} Qxd6 {[%clk 0:40:54]} 44. cxd6+ {[%clk 0:34:16]} Kxd6
{[%clk 0:41:13]} 45. fxe6 {[%clk 0:34:26]} Bc8 {[%clk 0:40:37]} 46. Kh2
{[%clk 0:31:21]} b6 {[%clk 0:40:27]} 47. Kg3 {[%clk 0:28:36]} Bxe6
{[%clk 0:40:44]} 48. a3 {[%clk 0:28:17]} Kc5 {[%clk 0:40:19]} 49. Kh4
{[%clk 0:28:22]} Kc4 {[%clk 0:40:24]} 50. Bc2 {[%clk 0:24:58]} Bg4
{[%clk 0:40:20]} 51. Bg6 {[%clk 0:23:05]} Kb3 {[%clk 0:40:32]} 52. Bxh5
{[%clk 0:23:29]} Be6 {[%clk 0:40:43]} 53. g4 {[%clk 0:20:21]} Kxb2
{[%clk 0:39:22]} 54. a4 {[%clk 0:20:10]} Bxg4 {[%clk 0:38:40]} 55. Kxg4
{[%clk 0:20:27]} Ka3 {[%clk 0:39:03]} 56. Be8 {[%clk 0:20:48]} b5
{[%clk 0:39:28]} 57. Bxb5 {[%clk 0:21:14]} Kb4 {[%clk 0:39:27]} 58. Be8
{[%clk 0:21:37]} Ka5 {[%clk 0:39:51]} 59. Kf4 {[%clk 0:22:02]} Kb4
{[%clk 0:40:12]} 60. Ke5 1-0

[Event "eytcc"]
[Site "?"]
[Date "2017.08.21"]
[Round "5.36"]
[White "Jablonicky, Martin"]
[Black "Van Malder, Dries"]
[Result "1-0"]
[BlackElo "1916"]
[WhiteElo "2328"]
[LiveChessVersion "1.4.4"]

1. d4 {[%clk 1:30:58]} Nf6 {[%clk 1:30:48]} 2. Bf4 {[%clk 1:31:22]} e6
{[%clk 1:31:06]} 3. e3 {[%clk 1:31:47]} b6 {[%clk 1:31:29]} 4. Nf3
{[%clk 1:32:07]} Bb7 {[%clk 1:31:52]} 5. h3 {[%clk 1:32:34]} Bd6 {[%clk 1:30:10]}
6. Bxd6 {[%clk 1:32:59]} cxd6 {[%clk 1:30:26]} 7. c4 {[%clk 1:33:27]} d5
{[%clk 1:29:52]} 8. Nc3 {[%clk 1:33:53]} O-O {[%clk 1:29:36]} 9. Rc1
{[%clk 1:33:23]} dxc4 {[%clk 1:27:15]} 10. Bxc4 {[%clk 1:33:51]} d5
{[%clk 1:26:34]} 11. Bd3 {[%clk 1:34:12]} Nc6 {[%clk 1:20:04]} 12. O-O
{[%clk 1:33:50]} Rc8 {[%clk 1:20:24]} 13. Qa4 {[%clk 1:32:48]} a6
{[%clk 1:19:30]} 14. Ne5 {[%clk 1:26:12]} b5 {[%clk 1:12:24]} 15. Nxc6
{[%clk 1:26:06]} Rxc6 {[%clk 1:12:46]} 16. Qb3 {[%clk 1:26:32]} Qb6
{[%clk 1:06:32]} 17. Rc2 {[%clk 1:23:19]} Rfc8 {[%clk 1:06:26]} 18. Rfc1
{[%clk 1:23:44]} Nd7 {[%clk 0:55:45]} 19. a3 {[%clk 1:16:51]} h6 {[%clk 0:53:16]}
20. Qa2 {[%clk 1:07:45]} R6c7 {[%clk 0:39:11]} 21. b4 {[%clk 1:03:49]} Rc6
{[%clk 0:34:53]} 22. Qb3 {[%clk 1:04:04]} R6c7 {[%clk 0:26:56]} 23. a4
{[%clk 1:03:23]} Bc6 {[%clk 0:25:25]} 24. axb5 {[%clk 1:02:31]} axb5
{[%clk 0:25:14]} 25. Nxb5 {[%clk 1:01:13]} Bxb5 {[%clk 0:25:06]} 26. Rxc7
{[%clk 1:01:40]} Rxc7 {[%clk 0:25:16]} 27. Rxc7 {[%clk 1:02:08]} Qxc7
{[%clk 0:25:17]} 28. Bxb5 {[%clk 1:02:36]} Nb6 {[%clk 0:24:49]} 29. Qa3
{[%clk 0:59:20]} Kf8 {[%clk 0:23:22]} 30. Bc6 {[%clk 0:59:15]} f6
{[%clk 0:22:31]} 31. b5+ {[%clk 0:59:31]} Kf7 {[%clk 0:22:39]} 32. Qc5
{[%clk 0:59:53]} Nc4 {[%clk 0:21:30]} 33. Be8+ {[%clk 1:00:15]} 1-0

[Event "eytcc"]
[Site "?"]
[Date "2017.08.21"]
[Round "5.37"]
[White "Dobrovoljc, Vid"]
[Black "Czopor, Maciej"]
[Result "1/2-1/2"]
[BlackElo "2105"]
[WhiteElo "2303"]
[LiveChessVersion "1.4.4"]

1. e4 {[%clk 1:30:48]} c5 {[%clk 1:30:51]} 2. Nf3 {[%clk 1:31:01]} e6
{[%clk 1:31:10]} 3. d4 {[%clk 1:31:08]} cxd4 {[%clk 1:31:35]} 4. Nxd4
{[%clk 1:31:31]} Nf6 {[%clk 1:32:00]} 5. Nc3 {[%clk 1:31:51]} d6 {[%clk 1:32:25]}
6. g4 {[%clk 1:31:32]} a6 {[%clk 1:32:44]} 7. g5 {[%clk 1:29:07]} Nfd7
{[%clk 1:33:12]} 8. Be3 {[%clk 1:28:58]} b5 {[%clk 1:32:35]} 9. Qd2
{[%clk 1:23:07]} Nb6 {[%clk 1:28:36]} 10. a4 {[%clk 1:11:39]} b4 {[%clk 1:27:21]}
11. Na2 {[%clk 1:11:33]} Nxa4 {[%clk 1:11:14]} 12. Qxb4 {[%clk 0:55:28]} Nc5
{[%clk 1:09:31]} 13. Nb3 {[%clk 0:52:20]} Nc6 {[%clk 1:06:08]} 14. Qc3
{[%clk 0:51:53]} Nxb3 {[%clk 1:02:03]} 15. Qxb3 {[%clk 0:45:00]} Rb8
{[%clk 0:53:59]} 16. Qc3 {[%clk 0:44:50]} Qd7 {[%clk 0:50:54]} 17. Bg2
{[%clk 0:31:55]} Bb7 {[%clk 0:50:15]} 18. O-O {[%clk 0:26:43]} Rc8
{[%clk 0:48:29]} 19. b3 {[%clk 0:16:11]} e5 {[%clk 0:44:03]} 20. Qd2
{[%clk 0:15:40]} Be7 {[%clk 0:44:08]} 21. c4 {[%clk 0:13:55]} O-O
{[%clk 0:43:38]} 22. Nc3 {[%clk 0:14:13]} Nd4 {[%clk 0:40:21]} 23. Bxd4
{[%clk 0:12:31]} exd4 {[%clk 0:40:45]} 24. Ne2 {[%clk 0:12:50]} Qg4
{[%clk 0:40:12]} 25. h3 {[%clk 0:07:41]} Qxg5 {[%clk 0:38:37]} 26. Qxg5
{[%clk 0:07:26]} Bxg5 {[%clk 0:39:05]} 27. Nxd4 {[%clk 0:07:17]} Rfe8
{[%clk 0:37:58]} 28. Rfe1 {[%clk 0:06:11]} g6 {[%clk 0:37:50]} 29. Nc2
{[%clk 0:03:26]} Rc5 {[%clk 0:28:45]} 30. Rad1 {[%clk 0:02:52]} Bf4
{[%clk 0:28:50]} 31. Nb4 {[%clk 0:02:58]} Rc7 {[%clk 0:26:12]} 32. Nd5
{[%clk 0:02:26]} Bxd5 {[%clk 0:26:23]} 33. exd5 {[%clk 0:02:22]} Rb8
{[%clk 0:25:11]} 34. Rd3 {[%clk 0:01:18]} 1/2-1/2